[Event "16th ch-EUR Indiv w 2015"]
[Site "Chakvi GEO"]
[Date "2015.05.20"]
[Round "2.24"]
[White "Kovalevskaya, Ekaterina"]
[Black "Khomeriki, Nino"]
[Result "1-0"]
[WhiteTitle "IM"]
[BlackTitle "WFM"]
[WhiteElo "2450"]
[BlackElo "2228"]
[WhiteFideId "4116704"]
[BlackFideId "13603191"]
[EventDate "2015.05.19"]

1. e4 e6 2. d4 d5 3. Nc3 Bb4 4. exd5 exd5 5. Bd3 Nf6 6. Ne2 c6 7. O-O O-O 8. Ng3
Re8 9. Bf4 Bg4 10. f3 Be6 11. Nce2 Bd6 12. Qd2 c5 13. dxc5 Bxc5+ 14. Kh1 Nc6 15.
a3 a5 16. Rae1 d4 17. Bg5 h6 18. Bxf6 Qxf6 19. Ne4 Qe7 20. Nf4 Bb6 21. Nxe6 Qxe6
22. f4 Qd5 23. Qe2 Kf8 24. Qg4 Bc7 25. Qh4 Bd8 26. Qh3 Be7 27. Nd2 Bf6 28. Bc4
Qc5 29. Qd7 Re7 30. Rxe7 Qxe7 31. Qxe7+ Bxe7 32. g3 Rc8 33. Bd3 Nd8 34. Nc4 Rc5
35. a4 Nc6 36. b3 Nb4 37. Rd1 g5 38. fxg5 hxg5 39. Kg2 Kg7 40. Re1 Bf6 41. Be4
b5 42. axb5 Rxb5 43. Rf1 Be7 44. Rf5 Rxf5 45. Bxf5 Bd8 46. Kf3 Kf6 47. Bd3 Ke6
48. Ke4 Nc6 49. g4 Bc7 50. h3 Bg3 51. Na3 Bf2 52. Nb5 f6 53. Nc7+ Kf7 54. Bc4+
Kg6 55. Nb5 Bg1 56. Bd3 Kf7 57. Kd5 Nb4+ 58. Kc4 Nc6 59. Be4 Ne5+ 60. Kd5 Nd7
61. Bf5 Nb6+ 62. Kc6 a4 63. Bd3 axb3 64. cxb3 Nc8 65. b4 Ne7+ 66. Kd7 Kf8 67.
Nc7 Bh2 68. Ne6+ Kf7 69. Bc4 Ng6 70. Nxd4+ Kg7 71. Nf3 Bg3 72. b5 Nf4 73. Nd4
Bf2 74. Nf5+ Kf8 75. Bf1 Kf7 76. Kc6 Ke6 77. b6 Ke5 78. b7 Ba7 79. Bc4 Nxh3 80.
Kc7 Nf4 81. Ne7 Ne6+ 82. Bxe6 Kxe6 83. Nc6 Bf2 84. Kc8 Bg3 85. Nd4+ Kd5 86. Nb5
Kc6 87. Nc3 Be5 88. Ne4 f5 89. gxf5 g4 90. b8=Q Bxb8 91. Kxb8 Kd5 92. Ng3 Ke5
93. Kc7 Kf4 94. Kd6 Kxg3 95. f6 Kh2 96. f7 g3 97. f8=Q g2 98. Qh6+ Kg3 99. Qg5+
Kf2 100. Qf4+ Ke1 101. Qg3+ Kf1 102. Qf3+ Kg1 103. Ke5 1-0

[Event "16th ch-EUR Indiv w 2015"]
[Site "Chakvi GEO"]
[Date "2015.05.20"]
[Round "2.25"]
[White "Arabidze, Meri"]
[Black "Folkova, Martina"]
[Result "1-0"]
[WhiteTitle "IM"]
[BlackTitle "WFM"]
[WhiteElo "2403"]
[BlackElo "2134"]
[WhiteFideId "13604040"]
[BlackFideId "304271"]
[EventDate "2015.05.19"]

1. d4 d5 2. c4 e6 3. Nc3 c6 4. e4 Bb4 5. a3 Bxc3+ 6. bxc3 dxe4 7. Qg4 Nf6 8.
Qxg7 Rg8 9. Qh6 Rg6 10. Qe3 c5 11. Ne2 Bd7 12. d5 Qe7 13. Rb1 b6 14. Nf4 Rg8 15.
g3 e5 16. Ng2 Na6 17. Nh4 Nc7 18. Bg2 b5 19. O-O bxc4 20. Rd1 Ncxd5 21. Rxd5
Nxd5 22. Qxe4 Be6 23. Qxh7 f6 24. Qe4 Rd8 25. Qxc4 Nb6 26. Qb5+ Bd7 27. Qe2 Bg4
28. Bf3 Qd7 29. Be3 Qd3 30. Qxd3 Rxd3 31. Bxg4 Rxg4 32. Bxc5 Nd7 33. Bb4 Re4 34.
Nf5 Re2 35. c4 Rf3 36. Nd6+ Kd8 37. Rf1 Rb3 38. h4 e4 39. Nf5 Rbb2 40. h5 Kc7
41. Nd4 Red2 42. Ne6+ Kb6 43. Bxd2 Rxd2 44. h6 1-0

[Event "16th ch-EUR Indiv w 2015"]
[Site "Chakvi GEO"]
[Date "2015.05.20"]
[Round "2.26"]
[White "Atalik, Ekaterina"]
[Black "Hojjatova, Aydan"]
[Result "1/2-1/2"]
[WhiteTitle "IM"]
[BlackTitle "WFM"]
[WhiteElo "2392"]
[BlackElo "2168"]
[WhiteFideId "4130189"]
[BlackFideId "13401491"]
[EventDate "2015.05.19"]

1. d4 Nf6 2. c4 e6 3. Nf3 d5 4. Nc3 Bb4 5. cxd5 exd5 6. Bg5 Nbd7 7. e3 c5 8. Bd3
Qa5 9. dxc5 Bxc3+ 10. bxc3 Qxc3+ 11. Ke2 Nxc5 12. Bxf6 Qxf6 13. Bb5+ Bd7 14.
Bxd7+ Nxd7 15. Qxd5 Qb2+ 16. Nd2 Nf6 17. Qa5 O-O 18. Rab1 Qc2 19. Rhc1 Qg6 20.
Nf3 b6 21. Qb5 Rac8 22. Kf1 Ne4 23. Qa6 Rc5 24. Kg1 Nc3 25. Ra1 Rfc8 26. Nd4 Qe4
27. Re1 R8c7 28. Nb3 R5c6 29. Nd4 Rc4 30. Qa3 Qd5 31. Qb2 b5 32. a3 a6 33. h3 h6
34. Rac1 Qd6 35. Qa1 Qg6 36. Qb2 Qd6 37. Qa1 Qg6 38. Qb2 Qd6 1/2-1/2

[Event "16th ch-EUR Indiv w 2015"]
[Site "Chakvi GEO"]
[Date "2015.05.20"]
[Round "2.27"]
[White "Soyunlu, Narmin"]
[Black "Gaponenko, Inna"]
[Result "0-1"]
[BlackTitle "IM"]
[WhiteElo "1891"]
[BlackElo "2391"]
[WhiteFideId "13400843"]
[BlackFideId "14101181"]
[EventDate "2015.05.19"]

1. c4 e5 2. g3 d6 3. Bg2 f5 4. Nc3 Nf6 5. d3 Be7 6. e3 O-O 7. Nge2 c6 8. O-O Na6
9. f4 Qe8 10. Rb1 Bd8 11. b4 exf4 12. Nxf4 Ng4 13. Qe2 g5 14. Nh3 Bf6 15. d4 Nc7
16. Bd2 a6 17. Qd3 b5 18. e4 bxc4 19. Qxc4+ d5 20. exd5 Ne3 21. Bxe3 Qxe3+ 22.
Kh1 Qxd4 23. Qxd4 Bxd4 24. Ne2 Bf6 25. dxc6 Be6 26. Nc1 Rab8 27. a4 Bc4 28. Rxf5
Rbd8 29. Nf2 Nd5 30. b5 axb5 31. axb5 Ne3 32. Rc5 Be7 33. Re5 Rxf2 34. Nd3 Bxd3
35. c7 Bxb1 36. Bd5+ Nxd5 37. Rxe7 Nxc7 0-1

[Event "16th ch-EUR Indiv w 2015"]
[Site "Chakvi GEO"]
[Date "2015.05.20"]
[Round "2.28"]
[White "Guramishvili, Sopiko"]
[Black "Khmiadashvili, Tamar"]
[Result "1-0"]
[WhiteTitle "IM"]
[BlackTitle "WGM"]
[WhiteElo "2370"]
[BlackElo "2043"]
[WhiteFideId "13602888"]
[BlackFideId "13600346"]
[EventDate "2015.05.19"]

1. Nf3 d5 2. c4 e6 3. g3 Nf6 4. Bg2 g6 5. O-O Bg7 6. d4 Ne4 7. Nbd2 Nxd2 8. Bxd2
O-O 9. Rc1 c6 10. Qc2 Nd7 11. e4 dxe4 12. Qxe4 c5 13. Bc3 cxd4 14. Bxd4 Bxd4 15.
Qxd4 Qa5 16. a3 e5 17. Qe3 Qb6 18. Qe2 a5 19. Rfd1 e4 20. Qxe4 Qxb2 21. Qe7 Ra6
22. Nd4 Qb6 23. Nb5 Qe6 24. Qxe6 Rxe6 25. Bh3 Re7 26. Nd6 f5 27. c5 Ne5 28. Bg2
Nc6 29. f4 Re3 30. Nc4 Re7 31. Rb1 Be6 32. Nd6 a4 33. Rxb7 Bb3 34. Rxe7 Nxe7 35.
Rd4 Kg7 36. c6 Nc8 37. c7 Be6 38. Nb7 Kf6 39. Nd8 1-0

[Event "16th ch-EUR Indiv w 2015"]
[Site "Chakvi GEO"]
[Date "2015.05.20"]
[Round "2.29"]
[White "Ovod, Evgenija"]
[Black "Jalaghonia, Nino"]
[Result "1-0"]
[WhiteTitle "IM"]
[BlackTitle "WFM"]
[WhiteElo "2320"]
[BlackElo "1865"]
[WhiteFideId "4131827"]
[BlackFideId "13605895"]
[EventDate "2015.05.19"]

1. d4 Nf6 2. c4 e6 3. Nc3 Bb4 4. e3 c5 5. Bd3 O-O 6. Nf3 d5 7. O-O cxd4 8. exd4
dxc4 9. Bxc4 b6 10. Qe2 Bb7 11. Rd1 Bxc3 12. bxc3 Qc7 13. Bd3 Nbd7 14. c4 Rac8
15. Bb2 Rfe8 16. Rac1 Qb8 17. Ne5 Nf8 18. f4 Ng6 19. Rf1 Qa8 20. Rce1 Rcd8 21.
g3 Qb8 22. h4 Qc7 23. h5 Nxe5 24. fxe5 Nd7 25. Kh2 f6 26. Qc2 f5 27. g4 Nf6 28.
gxf5 Nxh5 29. Qe2 Nf6 30. fxe6 Rxe6 31. Bf5 Ree8 32. d5 b5 33. Qf2 Bc8 34. d6
Qxc4 35. Bxc8 Ne4 36. Rxe4 Qxe4 37. Bf5 Qd5 38. d7 Rf8 39. e6 g6 40. Qh4 Qd2+
41. Rf2 Qd6+ 42. Kg1 Qd1+ 43. Rf1 Qxf1+ 44. Kxf1 Rxf5+ 45. Ke2 1-0

[Event "16th ch-EUR Indiv w 2015"]
[Site "Chakvi GEO"]
[Date "2015.05.20"]
[Round "2.31"]
[White "Sedina, Elena"]
[Black "Mammadova, Narmin"]
[Result "1-0"]
[WhiteTitle "IM"]
[BlackTitle "WCM"]
[WhiteElo "2312"]
[BlackElo "2117"]
[WhiteFideId "812153"]
[BlackFideId "13403710"]
[EventDate "2015.05.19"]

1. e4 c6 2. c4 d5 3. exd5 cxd5 4. d4 Nf6 5. Nc3 g6 6. cxd5 Bg7 7. Bb5+ Bd7 8.
Bc4 O-O 9. Nf3 b5 10. Bxb5 Bxb5 11. Nxb5 Nxd5 12. O-O Nc6 13. Nc3 Rb8 14. Re1 e6
15. Re2 Rb4 16. Be3 Qd7 17. a3 Rbb8 18. Rc1 Rfd8 19. Nxd5 Qxd5 20. Rd2 Ne7 21.
Ne5 Rdc8 22. Rdc2 Rxc2 23. Qxc2 Bxe5 24. dxe5 Qxe5 25. b4 Rc8 26. Qd1 Rxc1 27.
Qxc1 a6 28. h3 Nf5 29. Qc8+ Kg7 30. Bc5 Qe1+ 31. Kh2 Qe5+ 32. Kg1 Qe1+ 33. Kh2
Qe5+ 34. g3 Kh6 35. Qf8+ Kh5 36. Qxf7 h6 37. Qb7 Qe2 38. g4+ Kh4 39. gxf5 Qe5+
40. Kg2 exf5 41. Qe7+ 1-0

[Event "16th ch-EUR Indiv w 2015"]
[Site "Chakvi GEO"]
[Date "2015.05.20"]
[Round "2.32"]
[White "Martynkova, Olena"]
[Black "Ziaziulkina, Nastassia"]
[Result "0-1"]
[WhiteTitle "WFM"]
[BlackTitle "IM"]
[WhiteElo "2165"]
[BlackElo "2423"]
[WhiteFideId "14134039"]
[BlackFideId "13505211"]
[EventDate "2015.05.19"]

1. d4 d5 2. c4 c6 3. Nf3 Nf6 4. Nc3 e6 5. e3 Nbd7 6. Qc2 Bd6 7. Bd3 O-O 8. O-O
dxc4 9. Bxc4 a6 10. e4 e5 11. Rd1 Qc7 12. h3 b5 13. Bb3 Bb7 14. dxe5 Nxe5 15.
Nd4 Ng6 16. Nf5 Bh2+ 17. Kh1 Be5 18. Bg5 Rad8 19. Bxf6 Bxf6 20. Nd5 Qe5 21.
Nxf6+ Qxf6 22. Qc5 Bc8 23. Nd6 Be6 24. Bxe6 fxe6 25. Rd2 Nf4 26. Qe3 Qe5 27.
Rad1 Rd7 28. Qc3 Qg5 29. Qg3 Qxg3 30. fxg3 Ng6 31. b3 c5 32. Kg1 Ne5 33. a3 Rfd8
34. Kf2 Nc6 35. Nc4 Rxd2+ 36. Nxd2 Rd3 37. g4 Nd4 38. b4 c4 39. Ke1 Rxa3 40. Rc1
e5 41. Kd1 Rg3 42. Ke1 Rxg2 43. Rc3 Re2+ 44. Kd1 Rf2 45. Ke1 Rf4 46. Kd1 Nc6 47.
Ra3 Nxb4 48. Ke2 Kf7 49. Kd1 Ke7 50. Ke2 Kd6 0-1

[Event "16th ch-EUR Indiv w 2015"]
[Site "Chakvi GEO"]
[Date "2015.05.20"]
[Round "2.33"]
[White "Kuchava, Ana"]
[Black "Szczepkowska-Horowska, Karina"]
[Result "1/2-1/2"]
[BlackTitle "WGM"]
[WhiteElo "2135"]
[BlackElo "2412"]
[WhiteFideId "13605348"]
[BlackFideId "1122681"]
[EventDate "2015.05.19"]

1. d4 d5 2. Nf3 Nf6 3. Bg5 e6 4. e3 h6 5. Bh4 c5 6. c3 Nbd7 7. Nbd2 Bd6 8. Bd3
O-O 9. Qc2 Qc7 10. dxc5 Bxc5 11. O-O b6 12. Bg3 Bd6 13. e4 Bb7 14. Bxd6 Qxd6 15.
Rfe1 Qc7 16. exd5 Nxd5 17. Bf1 Rac8 18. a3 N5f6 19. Rad1 e5 20. Qf5 e4 21. Nd4
a6 22. Re3 Rce8 23. Qh3 Ne5 24. Qg3 Qc8 25. f3 b5 26. h3 Ng6 27. fxe4 Bxe4 28.
Rde1 Bb7 29. Bd3 Rxe3 30. Rxe3 Nd5 31. Re1 Ndf4 32. Bxg6 fxg6 33. N2f3 g5 34.
Re3 Qc4 35. Qe1 Bxf3 36. Rxf3 Qd5 37. Qf2 Re8 38. Kh2 Ng6 39. Re3 Rf8 40. Rf3
Rd8 41. Qe3 Qd6+ 42. g3 Kh8 43. Rf2 Ne5 44. Nf5 Qc7 45. Nd4 Qd6 46. Nf5 Qc7 47.
Nd4 Qd6 1/2-1/2

[Event "16th ch-EUR Indiv w 2015"]
[Site "Chakvi GEO"]
[Date "2015.05.20"]
[Round "2.34"]
[White "Osmanodja, Filiz"]
[Black "Kasoshvili, Tsiala"]
[Result "1-0"]
[WhiteTitle "WIM"]
[BlackTitle "WIM"]
[WhiteElo "2352"]
[BlackElo "2179"]
[WhiteFideId "24633569"]
[BlackFideId "13600354"]
[EventDate "2015.05.19"]

1. e4 c6 2. d4 d5 3. Nc3 g6 4. h3 Bg7 5. Nf3 dxe4 6. Nxe4 Nd7 7. Bc4 Nb6 8. Bb3
Nd5 9. c4 Nc7 10. O-O Nf6 11. Nxf6+ Bxf6 12. Bh6 Ne6 13. d5 Nc5 14. Re1 Qd6 15.
Bc2 Bxb2 16. Rb1 Bf6 17. g4 Rg8 18. Qd2 cxd5 19. cxd5 Bd7 20. Bf4 Qa6 21. g5 Bg7
22. Qe3 Bf8 23. Qxc5 Rc8 24. Bc7 e6 25. d6 b6 26. Qd4 Qxa2 27. Be4 Bg7 28. Qd3
h6 29. Bb7 hxg5 30. Rbd1 Qa4 31. Re4 1-0

[Event "16th ch-EUR Indiv w 2015"]
[Site "Chakvi GEO"]
[Date "2015.05.20"]
[Round "2.35"]
[White "Gavasheli, Ana"]
[Black "Zimina, Olga"]
[Result "0-1"]
[WhiteTitle "WIM"]
[BlackTitle "IM"]
[WhiteElo "2122"]
[BlackElo "2339"]
[WhiteFideId "13602586"]
[BlackFideId "4132190"]
[EventDate "2015.05.19"]

1. d4 d5 2. c4 c6 3. Nf3 Nf6 4. e3 e6 5. Bd3 Nbd7 6. O-O dxc4 7. Bxc4 Bd6 8. Nc3
b5 9. Bb3 Ba6 10. Re1 c5 11. a4 b4 12. Nb5 Bxb5 13. axb5 Qb8 14. Ra6 O-O 15. d5
exd5 16. Bxd5 Nxd5 17. Qxd5 Nb6 18. Qd3 Qc7 19. b3 Rad8 20. Qb1 f6 21. Qa2 Rf7
22. Bb2 Qd7 23. Qa5 Bb8 24. g3 Qd5 25. Rxb6 axb6 26. Qxb6 Rfd7 27. Qc6 Qxb3 28.
Re2 Qd1+ 29. Re1 Qd5 30. Qxd5+ Rxd5 31. Re2 c4 32. Nd4 c3 33. Ba1 Be5 34. Nc6
Rd1+ 35. Kg2 Ra8 0-1

[Event "16th ch-EUR Indiv w 2015"]
[Site "Chakvi GEO"]
[Date "2015.05.20"]
[Round "2.36"]
[White "Ibrahimova, Sabina"]
[Black "Gaboyan, Susanna"]
[Result "1-0"]
[WhiteTitle "WIM"]
[WhiteElo "2272"]
[BlackElo "2153"]
[WhiteFideId "13403893"]
[BlackFideId "13303627"]
[EventDate "2015.05.19"]

1. e4 c5 2. Nf3 Nc6 3. d4 cxd4 4. Nxd4 Nf6 5. Nc3 e5 6. Ndb5 d6 7. Bg5 a6 8. Na3
b5 9. Bxf6 gxf6 10. Nd5 f5 11. Bd3 Be6 12. c4 Bxd5 13. cxd5 Nd4 14. Nc2 Nxc2+
15. Bxc2 Qg5 16. Qf3 Rc8 17. Bd3 fxe4 18. Qxe4 Rc1+ 19. Ke2 Rc5 20. Rhd1 Qh5+
21. g4 Qh6 22. b4 Rc3 23. a4 Be7 24. axb5 axb5 25. Ra8+ Bd8 26. Bxb5+ Ke7 27.
Rda1 Kf6 28. R1a7 Kg7 29. Qf5 Qg6 30. Bd3 Rb3 31. Qxg6+ hxg6 32. Rd7 1-0

[Event "16th ch-EUR Indiv w 2015"]
[Site "Chakvi GEO"]
[Date "2015.05.20"]
[Round "2.37"]
[White "Abdulla, Khayala"]
[Black "Vakhania, Alexandra"]
[Result "1/2-1/2"]
[WhiteTitle "WIM"]
[WhiteElo "2266"]
[BlackElo "2130"]
[WhiteFideId "13401807"]
[BlackFideId "13602560"]
[EventDate "2015.05.19"]

1. e4 c6 2. d4 d5 3. Nc3 b5 4. a3 dxe4 5. Nxe4 Nf6 6. Nxf6+ exf6 7. c3 Bd6 8.
Bd3 O-O 9. Qc2 Re8+ 10. Ne2 g6 11. O-O Nd7 12. a4 bxa4 13. Qxa4 Qc7 14. Ng3 Nb6
15. Qd1 f5 16. Bh6 Be6 17. Qc1 f6 18. c4 c5 19. dxc5 Bxc5 20. Qc3 Rad8 21. Ne2
Qe5 22. Qxe5 fxe5 23. Ra5 e4 24. Bxe4 Bxc4 25. Rxc5 fxe4 26. Ng3 Bxf1 27. Kxf1
Rd4 28. Ke2 Rb4 29. Rc7 Rxb2+ 30. Ke3 Rb3+ 31. Kd2 Rb2+ 32. Ke3 a5 33. Rg7+ Kh8
34. Ra7 Rb3+ 35. Kd4 Rd8+ 36. Kxe4 Rb4+ 37. Ke5 Nc4+ 38. Ke6 Kg8 39. Ke7 Rc8 40.
Ne4 Rb6 41. Nf6+ Rxf6 42. Kxf6 Nd6 43. Rxa5 Ne4+ 44. Ke7 Nxf2 1/2-1/2

[Event "16th ch-EUR Indiv w 2015"]
[Site "Chakvi GEO"]
[Date "2015.05.20"]
[Round "2.38"]
[White "Santeramo, Alessia"]
[Black "Vojinovic, Jovana"]
[Result "0-1"]
[WhiteTitle "WFM"]
[BlackTitle "WGM"]
[WhiteElo "2118"]
[BlackElo "2262"]
[WhiteFideId "850810"]
[BlackFideId "937266"]
[EventDate "2015.05.19"]

1. e4 e6 2. d4 d5 3. Nc3 dxe4 4. Nxe4 Nf6 5. Bg5 Be7 6. Bxf6 gxf6 7. g3 e5 8.
Ne2 Bg4 9. Bg2 Nc6 10. d5 Nd4 11. N4c3 Bb4 12. f3 Nxf3+ 13. Bxf3 Bxf3 14. Rf1
Bxc3+ 15. bxc3 Bxd5 16. Qd3 Bg2 17. Qxd8+ Rxd8 18. Rxf6 Be4 19. Rc1 Rd5 20. c4
Rc5 21. Nc3 Rxc4 22. Nxe4 Rxe4+ 23. Kd2 Rd4+ 24. Kc3 Rd6 25. Rf5 f6 26. Rcf1 Ke7
27. Rh5 a5 28. Rf3 Re6 29. g4 Rc6+ 30. Kb2 Rc4 31. g5 fxg5 32. Rxg5 Kd6 33. Rh5
b6 34. Rf7 h6 35. Kb3 b5 36. Rff5 Re4 37. Kc3 Kd5 38. Rf6 Rc4+ 39. Kd2 Ra4 40.
Rf7 Kd6 41. Rff5 Re8 42. Rxh6+ Re6 43. Rh8 Rxa2 44. h4 Ra1 45. h5 Rh1 46. Rf7 c6
47. Ra7 a4 48. c4 e4 49. h6 e3+ 50. Kd3 e2 0-1

[Event "16th ch-EUR Indiv w 2015"]
[Site "Chakvi GEO"]
[Date "2015.05.20"]
[Round "2.39"]
[White "Kazimova, Narmin"]
[Black "Ivanova, Tatiana"]
[Result "1/2-1/2"]
[WhiteTitle "WGM"]
[WhiteElo "2259"]
[BlackElo "2121"]
[WhiteFideId "13402951"]
[BlackFideId "4109724"]
[EventDate "2015.05.19"]

1. Nf3 Nf6 2. c4 e6 3. Nc3 d5 4. d4 Be7 5. Bf4 O-O 6. e3 Nbd7 7. c5 Nh5 8. Bd3
Nxf4 9. exf4 b6 10. b4 a5 11. a3 axb4 12. axb4 Rxa1 13. Qxa1 bxc5 14. bxc5 Bf6
15. O-O g6 16. Qa7 Bg7 17. Nb5 c6 18. Nd6 f6 19. Bc2 e5 20. Ba4 e4 21. Nd2 f5
22. Bxc6 Bxd4 23. Nxc8 Nxc5 24. Ne7+ Kh8 25. Nxd5 Qd6 26. Qb6 Rb8 27. Qa7 Rd8
28. Qa5 Rc8 29. Nc4 Qxc6 30. Ne7 Qe6 31. Nxc8 Qxc4 32. Qd8+ Kg7 33. Qe7+ Qf7 34.
Qxf7+ Kxf7 35. Nd6+ Ke6 36. Nc4 Nd3 37. g3 h6 38. h4 Kf6 39. Ne3 g5 40. fxg5+
hxg5 41. hxg5+ Kxg5 42. Rb1 f4 43. Rb5+ Bc5 44. Nd1 fxg3 45. Kg2 Kg4 46. fxg3
Ne1+ 47. Kf1 Nd3 48. Nc3 Kf3 49. Ne2 Bd6 50. Rg5 Be5 51. Rg8 e3 52. Rd8 Ke4 53.
g4 Nf4 54. g5 Ne6 55. Rg8 Kf5 56. g6 Ng7 57. Kg2 Kxg6 58. Kf3 Kf7 59. Rd8 Ke6
60. Kxe3 Nf5+ 61. Kd3 Nd6 62. Ra8 Kd5 63. Ra5+ Ke6 64. Ng1 Nb7 1/2-1/2

[Event "16th ch-EUR Indiv w 2015"]
[Site "Chakvi GEO"]
[Date "2015.05.20"]
[Round "2.40"]
[White "Ghukasyan, Siranush"]
[Black "Isgandarova, Khayala"]
[Result "0-1"]
[BlackTitle "WIM"]
[WhiteElo "2100"]
[BlackElo "2243"]
[WhiteFideId "13300946"]
[BlackFideId "13401823"]
[EventDate "2015.05.19"]

1. e4 e6 2. d4 d5 3. Nc3 Nf6 4. Bg5 Be7 5. e5 Nfd7 6. h4 Bxg5 7. hxg5 Qxg5 8.
Nh3 Qe7 9. Qg4 g6 10. Ng5 h6 11. Bd3 Nc6 12. O-O-O Nf8 13. Nf3 Bd7 14. Qf4 g5
15. Qe3 O-O-O 16. Nxg5 Rg8 17. Nh3 Rxg2 18. Nf4 Rg8 19. Rxh6 Kb8 20. a3 Nxd4 21.
Qxd4 c5 22. Nfxd5 exd5 23. Nxd5 Qg5+ 24. Qe3 Bg4 25. Qxg5 Rxg5 26. Rg1 Rxd5 27.
Rh8 Rd8 28. Rh4 Rd4 29. Rh8 Rd8 30. Rh4 c4 31. Bxc4 Bf3 32. Rf1 Ne6 33. Rh7 Rf5 0-1

[Event "16th ch-EUR Indiv w 2015"]
[Site "Chakvi GEO"]
[Date "2015.05.20"]
[Round "2.41"]
[White "Korenova, Martina"]
[Black "Bokuchava, Madona"]
[Result "1/2-1/2"]
[WhiteTitle "WIM"]
[BlackTitle "WFM"]
[WhiteElo "2241"]
[BlackElo "2063"]
[WhiteFideId "302805"]
[BlackFideId "13603663"]
[EventDate "2015.05.19"]

1. e4 g6 2. d4 Bg7 3. Be3 d5 4. exd5 Qxd5 5. c4 Qa5+ 6. Nc3 Nf6 7. Nf3 Ne4 8.
Be2 c5 9. Qa4+ Qxa4 10. Nxa4 Bd7 11. Bd1 Na6 12. O-O Rc8 13. dxc5 Naxc5 14. Nxc5
Nxc5 15. Be2 O-O 16. Rad1 Bg4 17. b3 Ne4 18. h3 Nc3 19. hxg4 Nxe2+ 20. Kh2 f5
21. g5 e5 22. Rd2 Nc3 23. Rc1 e4 24. Nd4 Nd5 25. Nxf5 Rxf5 26. Rxd5 Rxd5 27.
cxd5 Rxc1 28. Bxc1 Be5+ 29. Kh3 Kf7 30. Kg4 Ke7 31. Bf4 Kd6 32. Bxe5+ Kxe5 33.
d6 Kxd6 34. Kf4 Kd5 35. Ke3 Ke5 36. f4+ exf3 37. gxf3 b6 38. f4+ Kd5 39. Kd3 a6
40. a3 a5 41. Ke3 b5 42. Kd3 Kc5 43. Kc3 1/2-1/2

[Event "16th ch-EUR Indiv w 2015"]
[Site "Chakvi GEO"]
[Date "2015.05.20"]
[Round "2.43"]
[White "Choladze, Mariam"]
[Black "Belenkaya, Dina"]
[Result "0-1"]
[BlackTitle "WFM"]
[WhiteElo "1989"]
[BlackElo "2235"]
[WhiteFideId "13600931"]
[BlackFideId "24142654"]
[EventDate "2015.05.19"]

1. e4 c6 2. d4 d5 3. Nd2 dxe4 4. Nxe4 Bf5 5. Ng3 Bg6 6. h4 h6 7. Nf3 Nd7 8. h5
Bh7 9. Bd3 Bxd3 10. Qxd3 e6 11. Bd2 Ngf6 12. O-O-O Be7 13. Qe2 c5 14. Nf1 Qb6
15. Ne3 cxd4 16. Nc4 Qa6 17. Nxd4 Qxa2 18. Bc3 Nd5 19. Nb5 Bg5+ 20. Ne3 O-O 21.
g3 Nc5 22. Rxd5 Qxd5 23. Re1 Qa2 24. b3 Rac8 25. f4 Bf6 26. Nc4 Bxc3 27. Nxc3
Nxb3+ 28. cxb3 Qxb3 0-1

[Event "16th ch-EUR Indiv w 2015"]
[Site "Chakvi GEO"]
[Date "2015.05.20"]
[Round "2.44"]
[White "Mikadze, Miranda"]
[Black "Tskhadadze, Anna"]
[Result "1-0"]
[WhiteTitle "WIM"]
[WhiteElo "2233"]
[BlackElo "1938"]
[WhiteFideId "13603108"]
[BlackFideId "4165098"]
[EventDate "2015.05.19"]

1. e4 d5 2. exd5 Qxd5 3. Nc3 Qd6 4. d4 Nf6 5. Nf3 c6 6. Ne5 Nbd7 7. Nc4 Qc7 8.
Qf3 Nb6 9. Bf4 Qd7 10. h3 e6 11. O-O-O Nxc4 12. Bxc4 Nd5 13. Be5 Nxc3 14. Qxc3
b5 15. Be2 a5 16. h4 b4 17. Qg3 Ba6 18. Bxa6 Rxa6 19. Bxg7 Rg8 20. Qb8+ Qd8 21.
Qxd8+ Kxd8 22. Bxf8 Rxf8 23. Rh3 Rg8 24. Rf3 Ra7 25. g3 Ke7 26. Re3 Rd7 27. Re5
Rd5 28. c3 bxc3 29. bxc3 Kd6 30. Rde1 Rb8 31. Kc2 Rb7 32. a4 Rb8 33. Rg5 h6 34.
Rxd5+ exd5 35. Re3 f6 36. Re1 Kd7 37. Rb1 Re8 38. Kd2 Kc7 39. g4 Rg8 40. f3 f5
41. gxf5 Rf8 42. Rg1 Rxf5 43. Rg7+ Kb6 44. Ke3 Rf6 45. Kf2 Re6 46. h5 Re8 47.
Rg6 Rh8 48. f4 Rh7 49. f5 1-0

[Event "16th ch-EUR Indiv w 2015"]
[Site "Chakvi GEO"]
[Date "2015.05.20"]
[Round "2.45"]
[White "Mammadova, Aysel"]
[Black "Unuk, Laura"]
[Result "1-0"]
[BlackTitle "WIM"]
[WhiteElo "1862"]
[BlackElo "2213"]
[WhiteFideId "13402161"]
[BlackFideId "14609215"]
[EventDate "2015.05.19"]

1. e4 e6 2. d4 d5 3. exd5 exd5 4. Bd3 Nc6 5. Nf3 Bg4 6. c3 Bd6 7. O-O Nge7 8.
Nbd2 Qd7 9. b4 O-O 10. Qc2 Bf5 11. Re1 Bxd3 12. Qxd3 Ng6 13. Nf1 Rfe8 14. Be3
Nce7 15. Ng3 a5 16. b5 Bxg3 17. hxg3 Nf5 18. a4 Nd6 19. Nd2 Re6 20. c4 Ne7 21.
c5 Ne4 22. Bf4 f5 23. f3 g5 24. Be5 Nf6 25. Bxf6 Rxf6 26. Qe3 Ng6 27. Qxg5 Qg7
28. Nf1 h6 29. Qd2 f4 30. g4 Kh7 31. Qf2 Rd8 32. Re2 Rf7 33. Rae1 Rdd7 34. Nd2
h5 35. gxh5 Ne7 36. Re5 Nf5 37. Nf1 Qg5 38. Qc2 Qxh5 39. Nh2 Qg6 40. Ng4 Nxd4
41. Qxg6+ Kxg6 42. Re8 Kg7 43. Ne5 Nc2 44. Rc1 Rde7 45. Rb8 Nd4 46. Nxf7 Ne2+
47. Kh2 Nxc1 48. Nd8 Re8 49. b6 Ne2 50. g4 fxg3+ 51. Kg2 cxb6 52. Rxb7+ Kf6 53.
Rxb6+ Ke5 54. Nf7+ Kd4 55. Rb5 1-0

[Event "16th ch-EUR Indiv w 2015"]
[Site "Chakvi GEO"]
[Date "2015.05.20"]
[Round "2.46"]
[White "Khurtsilava, Inga"]
[Black "Tevzadze, Mariam"]
[Result "0-1"]
[WhiteTitle "WGM"]
[WhiteElo "2212"]
[BlackElo "1834"]
[WhiteFideId "13600419"]
[BlackFideId "13605470"]
[EventDate "2015.05.19"]

1. c4 f5 2. Nc3 Nf6 3. g3 g6 4. Bg2 Bg7 5. d3 e5 6. h4 d6 7. Bg5 h6 8. Bd2 c6 9.
e4 Na6 10. Be3 Ng4 11. exf5 Bxf5 12. Bh3 Nxe3 13. fxe3 Qb6 14. Qe2 O-O-O 15. e4
Bxh3 16. Nxh3 Kb8 17. O-O-O Rhf8 18. Rhf1 Nc5 19. Kb1 a5 20. Rxf8 Rxf8 21. Rf1
Qd8 22. a3 Nb3 23. Rxf8 Qxf8 24. Qf2 Nd4 25. Qxf8+ Bxf8 26. Ng1 Kc7 27. Nce2 Ne6
28. Nh3 Bg7 29. Kc2 Kd7 30. Nc1 Kc7 31. Nb3 b6 32. Nd2 Kd7 33. Nf1 Ke7 34. b4
axb4 35. axb4 Nc7 36. Ne3 h5 37. g4 Bh6 38. g5 Bg7 39. b5 cxb5 40. Nd5+ Kd7 41.
Nxb6+ Kc6 42. Nc8 Bf8 43. Na7+ Kb6 44. Nxb5 Nxb5 45. cxb5 Kxb5 46. d4 Bg7 47. d5
Kc4 48. Kd2 Bf8 49. Ke3 Be7 50. Ng1 Bd8 51. Ke2 Kd4 52. Kf3 Kd3 53. Nh3 Bb6 0-1